00522nam a22001337a 4500020001600000082000800016100001800024245014200042260003500184300003200219650004800251700003100299856005800330 qHard Cover. a200 aSakrani, Hira aNew Product Development and Customer Knowledge Management in Pakistan - An exploratory study of processes and activities /cHira Sakrani. aKarachi :bPNEC - NUST,c2010. axiv, 264 p. : ill. ;c30cm. a MS-Industrial & Manufacturing Engineering  aSupervisor: Dr. Usama Umer u http://10.250.8.41:8080/xmlui/handle/123456789/22252